000 00952nam a2200253Ia 4500
003 OSt
005 20220923220217.0
006 a|||||r|||| 00| 0
007 ta
008 220922b |||||||| |||| 00| 0 hin d
024 _a185,086
037 _cTextual
040 _aARTS
_cARTS
_bhin
041 _2hin
_ahin
082 _aO152,1(Q2213):g, L8
100 _aशर्मा, राम चनण लाल
_9164043
245 0 _aहिन्दी साहित्य में अष्टछापी और राधावल्लभीय
246 _aHindī sāhitya mean aṣhṭachhāpī aur rādhāvallabhīya
260 _aमथुरा
_b जवाहर पुस्तकालय
_c1978
300 _a482 पृ.
_ccm.
650 _aहिन्दी साहित्य
_9156264
942 _hO152,1(Q2213):g, L8
_cTEXL
_2CC
999 _c338332
_d338332